[Event "HUN-chT2 Erkel 2324"]
[Site "Hunagry"]
[Date "2024.03.10"]
[Round "6.2"]
[White "Mirza, Solyom"]
[Black "Huszar, Mark"]
[Result "1/2-1/2"]
[WhiteElo "2059"]
[BlackElo "2083"]
[PlyCount "119"]
[EventDate "2023.10.08"]
[EventType "team-tourn"]
[EventRounds "9"]
[EventCountry "HUN"]
[SourceTitle "EXT 2025"]
[Source "ChessBase"]
[SourceDate "2024.10.14"]
[SourceVersion "1"]
[SourceVersionDate "2024.10.14"]
[SourceQuality "1"]
[WhiteTeam "Vac"]
[BlackTeam "Egri Bolyky"]
[WhiteTeamCountry "HUN"]
[BlackTeamCountry "HUN"]

1. e4 e5 2. f4 d5 3. exd5 c6 4. Nc3 exf4 5. Nf3 Bd6 6. d4 Ne7 7. dxc6 Nbxc6 8. d5 Nb4 9. Bc4 Bf5 10. Bb3 Bg4 11. 0-0 0-0 12. Ne4 Nf5 13. c3 Na6 14. Qd3 Qb6+ 15. Kh1 Nc5 16. Nxc5 Qxc5 17. Ng5 Qc7 18. Ne4 Be5 19. Nf2 Nh6 20. Nxg4 Nxg4 21. Qf3 Ne3 22. Bxe3 fxe3 23. g3 Bd6 24. Qxe3 Rfe8 25. Qf3 Re5 26. Rae1 Rae8 27. Rxe5 Rxe5 28. c4 b6 29. Rf2 Qe7 30. Bd1 Bc5 31. Re2 Rxe2 32. Bxe2 Qe3 33. Qxe3 Bxe3 34. Kg2 Bc5 35. Kf3 Kf8 36. Ke4 Ke7 37. Kd3 f5 38. Kc3 a5 39. a3 Kd6 40. Bd3 g6 41. b4 axb4+ 42. axb4 Bg1 43. h3 h5 44. g4 hxg4 45. hxg4 fxg4 46. Bxg6 Bf2 47. Be4 Be3 48. Bg2 g3 49. Kb3 Bf2 50. Ka4 Be3 51. Kb5 Bf2 52. Ka6 Be3 53. Kb5 Bf2 54. Ka4 Be3 55. Kb3 Bf2 56. c5+ bxc5 57. b5 c4+ 58. Kxc4 Bb6 59. Kb4 Ke5 60. Kc4 1/2-1/2

[Event "HUN-chT2 Erkel 2223"]
[Site "Hungary"]
[Date "2023.03.12"]
[Round "7.4"]
[White "Domany, Mihaly"]
[Black "Huszar, Mark"]
[Result "1/2-1/2"]
[WhiteElo "2065"]
[BlackElo "2059"]
[PlyCount "94"]
[EventDate "2022.11.20"]
[EventType "team-tourn"]
[EventRounds "9"]
[EventCountry "HUN"]
[SourceTitle "EXT 2025"]
[Source "ChessBase"]
[SourceDate "2024.10.14"]
[SourceVersion "1"]
[SourceVersionDate "2024.10.14"]
[SourceQuality "1"]
[WhiteTeam "Kekes II"]
[BlackTeam "Egri Bolyky"]
[WhiteTeamCountry "HUN"]
[BlackTeamCountry "HUN"]

1. Nf3 Nf6 2. c4 c6 3. Nc3 d5 4. cxd5 cxd5 5. d4 e6 6. e3 Be7 7. Bd3 0-0 8. 0-0 b6 9. Ne5 Bb7 10. Qc2 Nc6 11. Nxc6 Bxc6 12. Ba6 Qd7 13. a4 Bb7 14. Bxb7 Qxb7 15. Qb3 Rfc8 16. a5 b5 17. a6 Qb6 18. Qxb5 Rab8 19. Qd3 Qb3 20. f3 Rb6 21. Bd2 Rcc6 22. Rfb1 h5 23. Kf2 Bb4 24. Ke2 Qc4 25. Qxc4 Rxc4 26. Rc1 Ne8 27. Na4 Rxc1 28. Rxc1 Bxd2 29. Kxd2 Rxa6 30. b3 Kf8 31. Rc5 Ke7 32. Kc3 Kd7 33. Rxd5+ exd5 34. Nc5+ Kd6 35. Nxa6 g5 36. e4 dxe4 37. fxe4 Ng7 38. Nc5 h4 39. Kd3 f5 40. exf5 Nxf5 41. Ke4 Ne7 42. g3 hxg3 43. hxg3 Nc6 44. Nd3 Na5 45. Nc5 Nc6 46. Na6 Na5 47. Nc5 Nc6 1/2-1/2

[Event "HUN-chT2 Erkel 2122"]
[Site "Hungary"]
[Date "2022.01.30"]
[Round "5.1"]
[White "Mika, Janos"]
[Black "Huszar, Mark"]
[Result "0-1"]
[WhiteElo "2124"]
[BlackElo "2129"]
[PlyCount "92"]
[EventDate "2021.10.10"]
[EventType "team-tourn"]
[EventRounds "9"]
[EventCountry "HUN"]
[SourceTitle "EXT 2025"]
[Source "ChessBase"]
[SourceDate "2024.10.14"]
[SourceVersion "1"]
[SourceVersionDate "2024.10.14"]
[SourceQuality "1"]
[WhiteTeam "Vizugy"]
[BlackTeam "Egri Bolyky"]
[WhiteTeamCountry "HUN"]
[BlackTeamCountry "HUN"]

1. e4 e5 2. Nf3 Nc6 3. Bb5 a6 4. Ba4 Nf6 5. 0-0 Be7 6. Qe2 b5 7. Bb3 0-0 8. c3 d5 9. exd5 Nxd5 10. Nxe5 Nxe5 11. Qxe5 Bb7 12. Bxd5 Bxd5 13. d4 Bd6 14. Qg5 Qxg5 15. Bxg5 Rae8 16. Nd2 f5 17. f3 h6 18. Bh4 Bf4 19. Rfd1 Re2 20. Nf1 Rxb2 21. Bg3 Bxg3 22. Nxg3 Rf6 23. Re1 Bxa2 24. Re8+ Kf7 25. Rc8 Rc6 26. Rc1 Be6 27. Rd8 Rd6 28. Ra8 g6 29. Rh8 Kg7 30. Re8 a5 31. Re7+ Kf6 32. Rxc7 a4 33. Ra7 Rc6 34. Nf1 f4 35. Rd1 Bb3 36. d5 Rd6 37. Rd4 Rxd5 38. Rxf4+ Ke5 39. Re4+ Kd6 40. Ra6+ Kd7 41. Ra7+ Kd6 42. Ra6+ Kc5 43. Ree6 Rd1 44. Rac6+ Kd5 45. Red6+ Ke5 46. f4+ Kxf4 0-1

[Event "HUN-chT2 Erkel 1819"]
[Site "Hungary"]
[Date "2019.01.27"]
[Round "4.3"]
[White "Huszar, Mark"]
[Black "Szepes, Tamas"]
[Result "1-0"]
[WhiteElo "2072"]
[BlackElo "2178"]
[PlyCount "77"]
[EventDate "2018.10.28"]
[EventType "team-tourn"]
[EventRounds "9"]
[EventCountry "HUN"]
[SourceTitle "EXT 2021"]
[Source "ChessBase"]
[SourceDate "2020.10.23"]
[SourceVersion "1"]
[SourceVersionDate "2020.10.23"]
[SourceQuality "1"]
[WhiteTeam "Andornaktalya"]
[BlackTeam "Pestszentlorinc"]
[WhiteTeamCountry "HUN"]
[BlackTeamCountry "HUN"]

1. e4 e5 2. Nf3 Nc6 3. Nc3 Bd6 4. Bc4 Nf6 5. 0-0 0-0 6. Re1 Nd4 7. Nxd4 exd4 8. e5 Bxe5 9. Rxe5 dxc3 10. dxc3 d6 11. Re1 d5 12. Bd3 Ne4 13. c4 Be6 14. Bf4 Nc5 15. cxd5 Bxd5 16. Bxh7+ Kxh7 17. Qh5+ Kg8 18. Rad1 Ne6 19. Bg3 c6 20. c4 Qb6 21. cxd5 cxd5 22. Qxd5 Rac8 23. Be5 Rfd8 24. Qe4 Qa5 25. Bc3 Qb5 26. Qg4 Rd5 27. h3 Rc4 28. Rxd5 Qxd5 29. Qg3 Re4 30. Rxe4 Qxe4 31. Qe5 Qb1+ 32. Kh2 Qxa2 33. Qb8+ Kh7 34. Qxb7 Kg8 35. Qe4 Qa6 36. f4 Qf1 37. Be5 Qf2 38. f5 Nc5 39. Qg4 1-0

[Event "HUN-chT2 Erkel 1718"]
[Site "Hungary"]
[Date "2018.05.06"]
[Round "11.9"]
[White "Huszar, Mark"]
[Black "Repasi, Zoltan Jr"]
[Result "1/2-1/2"]
[WhiteElo "1910"]
[BlackElo "2072"]
[PlyCount "81"]
[EventDate "2017.09.24"]
[EventType "team-tourn"]
[EventRounds "11"]
[EventCountry "HUN"]
[SourceTitle "EXT 2021"]
[Source "ChessBase"]
[SourceDate "2020.10.23"]
[SourceVersion "1"]
[SourceVersionDate "2020.10.23"]
[SourceQuality "1"]
[WhiteTeam "Gyongyos Energia"]
[BlackTeam "Szigetszentmiklos"]
[WhiteTeamCountry "HUN"]
[BlackTeamCountry "HUN"]

1. e4 Nf6 2. e5 Nd5 3. d4 d6 4. c4 Nb6 5. Nf3 g6 6. Nc3 Bg7 7. exd6 cxd6 8. Be2 Nc6 9. h3 0-0 10. 0-0 Bf5 11. Be3 d5 12. b3 e5 13. c5 e4 14. cxb6 exf3 15. Bxf3 Be6 16. bxa7 Qa5 17. Qd2 Rxa7 18. Rfd1 Rc8 19. Rac1 Bf8 20. a4 Ba3 21. Ra1 Bb4 22. Rac1 Ne7 23. Bg5 Nf5 24. g4 Bxc3 25. Qf4 Ng7 26. Rd3 Bb4 27. Rxc8+ Bxc8 28. Qe5 Ra8 29. Bxd5 Be6 30. Bxb7 Qxe5 31. dxe5 Rb8 32. Rd8+ Rxd8 33. Bxd8 Bxb3 34. a5 Ne6 35. Bb6 Bc5 36. Bxc5 Nxc5 37. a6 Na4 38. a7 Nb6 39. a8Q+ Nxa8 40. Bxa8 g5 41. Be4 1/2-1/2

[Event "HUN-chT2 Erkel 1617"]
[Site "Hungary"]
[Date "2017.03.12"]
[Round "10.6"]
[White "Palla, Akos Botond"]
[Black "Huszar, Mark"]
[Result "0-1"]
[WhiteElo "2045"]
[BlackElo "1928"]
[PlyCount "104"]
[EventDate "2016.09.25"]
[EventType "team-tourn"]
[EventRounds "11"]
[EventCountry "HUN"]
[SourceTitle "EXT 2021"]
[Source "ChessBase"]
[SourceDate "2020.10.23"]
[SourceVersion "1"]
[SourceVersionDate "2020.10.23"]
[SourceQuality "1"]
[WhiteTeam "Sarkany DSE"]
[BlackTeam "Salgotarjan"]
[WhiteTeamCountry "HUN"]
[BlackTeamCountry "HUN"]

1. e4 e5 2. Nf3 Nc6 3. Bb5 a6 4. Ba4 Nf6 5. 0-0 Be7 6. Re1 b5 7. Bb3 d6 8. c3 0-0 9. h3 Nb8 10. d4 Nbd7 11. Nbd2 c5 12. Nf1 Re8 13. a4 Rb8 14. Ng3 Bf8 15. axb5 axb5 16. Nf5 exd4 17. cxd4 Nb6 18. dxc5 Bxf5 19. cxb6 Bxe4 20. Ng5 Bg6 21. Be3 d5 22. Ra5 Bb4 23. Bd2 Bxa5 24. Bxa5 Rxe1+ 25. Qxe1 Nd7 26. Nf3 Nxb6 27. Qe5 Nd7 28. Qe1 Qe8 29. Qxe8+ Rxe8 30. Bxd5 Be4 31. Ba2 Bxf3 32. gxf3 Ra8 33. b4 Nf6 34. Kg2 Kf8 35. Bb3 Ke7 36. Bb6 Nd7 37. Bd4 f6 38. Bc2 h6 39. Bd3 Rb8 40. Be4 Kd6 41. Kg3 Ne5 42. Kf4 g6 43. Bc2 Kd5 44. Bc5 Kc4 45. Be7 Rb6 46. Bb1 Nd3+ 47. Kg3 Nxb4 48. Bxg6 Nd5 49. Bf8 b4 50. Bf5 b3 51. Bxh6 b2 52. Bb1 Nc3 0-1

[Event "HUN-chT2 Erkel 1617"]
[Site "Hungary"]
[Date "2017.01.29"]
[Round "7.5"]
[White "Huszar, Mark"]
[Black "Kiss, Peter2"]
[Result "0-1"]
[WhiteElo "1928"]
[BlackElo "2133"]
[PlyCount "75"]
[EventDate "2016.09.25"]
[EventType "team-tourn"]
[EventRounds "11"]
[EventCountry "HUN"]
[SourceTitle "EXT 2021"]
[Source "ChessBase"]
[SourceDate "2020.10.23"]
[SourceVersion "1"]
[SourceVersionDate "2020.10.23"]
[SourceQuality "1"]
[WhiteTeam "Salgotarjan"]
[BlackTeam "Budapest Kobanya II"]
[WhiteTeamCountry "HUN"]
[BlackTeamCountry "HUN"]

1. e4 e6 2. d4 b6 3. Nf3 Bb7 4. Bd3 c5 5. c3 d6 6. 0-0 Nd7 7. Re1 Be7 8. Bf4 Rc8 9. Na3 a6 10. Nc4 Qc7 11. e5 d5 12. Nd6+ Bxd6 13. exd6 Qd8 14. Bf5 Nf8 15. Re3 Nf6 16. Qe2 Ne4 17. Bxe4 dxe4 18. Nd2 g5 19. Bg3 f5 20. Qh5+ Ng6 21. Be5 0-0 22. Rh3 Qd7 23. Nc4 Rc6 24. dxc5 g4 25. Qxg6+ hxg6 26. Rh8+ Kf7 27. Rh7+ Ke8 28. Rxd7 Kxd7 29. Nxb6+ Rxb6 30. cxb6 f4 31. Rd1 Rf5 32. Bd4 Ra5 33. a3 e5 34. b4 Rd5 35. c4 Rxd6 36. c5 Rxd4 37. Rxd4+ exd4 38. a4 0-1

[Event "HUN-chT2 Erkel 1617"]
[Site "Hungary"]
[Date "2016.10.30"]
[Round "3.6"]
[White "Kozma, Gabor"]
[Black "Huszar, Mark"]
[Result "1-0"]
[WhiteElo "2054"]
[BlackElo "1928"]
[PlyCount "69"]
[EventDate "2016.09.25"]
[EventType "team-tourn"]
[EventRounds "11"]
[EventCountry "HUN"]
[SourceTitle "EXT 2021"]
[Source "ChessBase"]
[SourceDate "2020.10.23"]
[SourceVersion "1"]
[SourceVersionDate "2020.10.23"]
[SourceQuality "1"]
[WhiteTeam "Szada GSBE"]
[BlackTeam "Salgotarjan"]
[WhiteTeamCountry "HUN"]
[BlackTeamCountry "HUN"]

1. e4 e5 2. Nf3 Nc6 3. Bb5 a6 4. Ba4 Nf6 5. 0-0 Be7 6. Re1 b5 7. Bb3 d6 8. c3 0-0 9. d4 exd4 10. Nxd4 Nxd4 11. cxd4 Bb7 12. f3 c5 13. Be3 Re8 14. Nc3 c4 15. Bc2 Nd7 16. Qd2 Bf6 17. Ne2 a5 18. a3 g6 19. b3 Nb6 20. Bf4 Qe7 21. Nc3 Ba6 22. Qf2 Qc7 23. b4 a4 24. Rad1 Bg7 25. Qg3 Rad8 26. h4 Qc6 27. h5 Bc8 28. Kf2 Rd7 29. d5 Qb7 30. Nxb5 Be5 31. Nxd6 Bxf4 32. Qxf4 Qa7 33. Kg3 Red8 34. e5 Bb7 35. Be4 1-0

[Event "HUN-chT2 Erkel 1516"]
[Site "Hungary"]
[Date "2016.04.17"]
[Round "11.7"]
[White "Czajner, Gabor"]
[Black "Huszar, Mark"]
[Result "0-1"]
[WhiteElo "1847"]
[BlackElo "1899"]
[PlyCount "120"]
[EventDate "2015.09.13"]
[EventType "team-tourn"]
[EventRounds "11"]
[EventCountry "HUN"]
[SourceTitle "EXT 2017"]
[Source "ChessBase"]
[SourceDate "2016.10.25"]
[SourceVersion "1"]
[SourceVersionDate "2016.10.25"]
[SourceQuality "1"]
[WhiteTeam "Andornaktalya"]
[BlackTeam "Paszto"]
[WhiteTeamCountry "HUN"]
[BlackTeamCountry "HUN"]

1. d4 Nf6 2. Nf3 e6 3. Nbd2 c5 4. e3 Nc6 5. b3 cxd4 6. exd4 Bb4 7. Bb2 Ne4 8. Qe2 Nxd2 9. Nxd2 d5 10. a3 Ba5 11. b4 Bc7 12. Qg4 0-0 13. Nf3 e5 14. Qh5 e4 15. Nd2 g6 16. Qe2 Re8 17. 0-0-0 Bf4 18. g3 Bh6 19. Kb1 Bf5 20. h4 Qc8 21. Nb3 Bg4 22. Qe1 Bxd1 23. Qxd1 Qf5 24. Rh2 Re7 25. Be2 Qc8 26. h5 Bg7 27. hxg6 hxg6 28. Bc1 Qf8 29. b5 Nd8 30. Qf1 Ne6 31. Qh3 f5 32. Qh7+ Kf7 33. Rh6 Ke8 34. Qxg6+ Qf7 35. Qxf7+ Kxf7 36. Rh5 Kg6 37. g4 Rf8 38. c3 b6 39. a4 Rd7 40. Rh2 f4 41. Kc2 Rh8 42. Rxh8 Bxh8 43. a5 Bf6 44. axb6 axb6 45. f3 e3 46. Ba3 Rd8 47. Nc1 Kg5 48. Nd3 Kh4 49. Ne1 Kg3 50. Kd1 Rh8 51. Nd3 Rh1+ 52. Kc2 Bxd4 53. Bd6 Rh2 54. Nc1 Bc5 55. Bxc5 Nxc5 56. g5 Rh5 57. g6 Rg5 58. g7 Rxg7 59. Nd3 Nxd3 60. Kxd3 Kf2 0-1

[Event "HUN-chT2 Erkel 1516"]
[Site "Hungary"]
[Date "2016.04.03"]
[Round "10.4"]
[White "Szatmary, Revay Jozsef"]
[Black "Huszar, Mark"]
[Result "1-0"]
[WhiteElo "1975"]
[BlackElo "1899"]
[PlyCount "65"]
[EventDate "2015.09.13"]
[EventType "team-tourn"]
[EventRounds "11"]
[EventCountry "HUN"]
[SourceTitle "EXT 2017"]
[Source "ChessBase"]
[SourceDate "2016.10.25"]
[SourceVersion "1"]
[SourceVersionDate "2016.10.25"]
[SourceQuality "1"]
[WhiteTeam "Matra"]
[BlackTeam "Paszto"]
[WhiteTeamCountry "HUN"]
[BlackTeamCountry "HUN"]

1. d4 Nf6 2. c4 e6 3. Nc3 Bb4 4. Qc2 Bxc3+ 5. bxc3 0-0 6. Nf3 b6 7. e4 d5 8. cxd5 exd5 9. e5 Ne4 10. Bd3 f5 11. exf6 Nxf6 12. 0-0 c5 13. Bg5 h6 14. Bh4 Nc6 15. Ne5 Bd7 16. Bh7+ Kh8 17. Ng6+ Kxh7 18. Nxf8+ Kg8 19. Nxd7 Qxd7 20. Bxf6 gxf6 21. dxc5 bxc5 22. Qg6+ Qg7 23. Qf5 Ne7 24. Qd7 Qf7 25. Rfe1 Ng6 26. Qc6 Rd8 27. Qxc5 Ne5 28. Qe3 Qg7 29. Rad1 Kh7 30. Rxd5 Rxd5 31. Qe4+ Qg6 32. Qxd5 h5 33. Qe4 1-0

[Event "HUN-chT2 Erkel 1516"]
[Site "Hungary"]
[Date "2016.03.20"]
[Round "9.4"]
[White "Huszar, Mark"]
[Black "Pal, Geza"]
[Result "1/2-1/2"]
[WhiteElo "1899"]
[BlackElo "2174"]
[PlyCount "108"]
[EventDate "2015.09.13"]
[EventType "team-tourn"]
[EventRounds "11"]
[EventCountry "HUN"]
[SourceTitle "EXT 2017"]
[Source "ChessBase"]
[SourceDate "2016.10.25"]
[SourceVersion "1"]
[SourceVersionDate "2016.10.25"]
[SourceQuality "1"]
[WhiteTeam "Paszto"]
[BlackTeam "Foti"]
[WhiteTeamCountry "HUN"]
[BlackTeamCountry "HUN"]

1. e4 c5 2. Nf3 d6 3. d4 cxd4 4. Nxd4 Nf6 5. Nc3 a6 6. Bg5 e6 7. f4 Bd7 8. Qd2 Qb6 9. 0-0-0 Nc6 10. Be2 Rc8 11. Rhe1 Qxd4 12. Qxd4 Nxd4 13. Rxd4 Bc6 14. Bf3 Nd7 15. Rd2 f6 16. Bh4 Be7 17. Bg4 Kf7 18. Ne2 Rhe8 19. Bg3 Nf8 20. Nc3 Rc7 21. h4 b5 22. a3 Rb8 23. f5 e5 24. Be2 Nd7 25. Bf2 Rcb7 26. Nd5 Bxd5 27. Rxd5 Nb6 28. Bxb6 Rxb6 29. c3 Rc6 30. Kb1 Bd8 31. Red1 Ke7 32. g4 Bb6 33. Ka2 Bf2 34. h5 h6 35. Kb3 Bc5 36. Ka2 a5 37. b4 axb4 38. cxb4 Bxb4 39. axb4 Rc2+ 40. Kb3 Rxe2 41. Rxd6 Rxe4 42. Rd7+ Kf8 43. g5 Re3+ 44. Kb2 Re2+ 45. Kb3 hxg5 46. Rc7 Re3+ 47. Kb2 Re4 48. Rdd7 Rxb4+ 49. Ka3 Rd4 50. Rf7+ Ke8 51. Rce7+ Kd8 52. Kb3 e4 53. Ra7 Kc8 54. Rac7+ Kd8 1/2-1/2

[Event "HUN-chT2 Erkel 1516"]
[Site "Hungary"]
[Date "2016.02.28"]
[Round "8.5"]
[White "Huszar, Mark"]
[Black "Sugar, Karoly"]
[Result "1/2-1/2"]
[WhiteElo "1899"]
[BlackElo "2169"]
[PlyCount "26"]
[EventDate "2015.09.13"]
[EventType "team-tourn"]
[EventRounds "11"]
[EventCountry "HUN"]
[SourceTitle "EXT 2017"]
[Source "ChessBase"]
[SourceDate "2016.10.25"]
[SourceVersion "1"]
[SourceVersionDate "2016.10.25"]
[SourceQuality "1"]
[WhiteTeam "Paszto"]
[BlackTeam "Pestszentlorinc"]
[WhiteTeamCountry "HUN"]
[BlackTeamCountry "HUN"]

1. e4 c5 2. Nf3 Nc6 3. d4 cxd4 4. Nxd4 Nf6 5. Nc3 d6 6. Be2 e5 7. Nb3 Be7 8. Be3 0-0 9. Qd2 a5 10. 0-0 a4 11. Nc1 a3 12. Rb1 Qa5 13. Nb3 Qb4 1/2-1/2

[Event "HUN-chT2 Erkel 1516"]
[Site "Hungary"]
[Date "2015.10.04"]
[Round "2.5"]
[White "Huszar, Mark"]
[Black "Terbe, Zsuzsanna"]
[Result "0-1"]
[WhiteElo "1899"]
[BlackElo "2160"]
[PlyCount "68"]
[EventDate "2015.09.13"]
[EventType "team-tourn"]
[EventRounds "11"]
[EventCountry "HUN"]
[SourceTitle "CBM 170 Extra"]
[Source "ChessBase"]
[SourceDate "2016.02.25"]
[SourceVersion "1"]
[SourceVersionDate "2016.02.25"]
[SourceQuality "1"]
[WhiteTeam "Paszto"]
[BlackTeam "Budapest MTK II"]
[WhiteTeamCountry "HUN"]
[BlackTeamCountry "HUN"]

1. e4 c5 2. Nf3 Nc6 3. d4 cxd4 4. Nxd4 Nf6 5. Nc3 e5 6. Ndb5 d6 7. Bg5 a6 8. Bxf6 gxf6 9. Na3 f5 10. Bd3 f4 11. Nd5 Be6 12. c3 Bg7 13. g3 Bxd5 14. exd5 Ne7 15. Be4 Ng6 16. Bxg6 hxg6 17. gxf4 Rh4 18. fxe5 Re4+ 19. Kf1 Bxe5 20. Qd3 Qh4 21. Re1 Rf4 22. Qg3 Qf6 23. Re2 Kf8 24. Nc2 Qf5 25. Ne3 Qb1+ 26. Kg2 Qxa2 27. Qh3 Kg7 28. Qd7 Rh8 29. h3 Rh5 30. Qe7 Rf6 31. Rd1 Qa4 32. Rdd2 Qe4+ 33. f3 Qxf3+ 34. Kg1 Rg5+ 0-1

[Event "HUN-chT2 Erkel 1415"]
[Site "Hungary"]
[Date "2015.01.25"]
[Round "5"]
[White "Novaky, Csaba"]
[Black "Huszar, Mark"]
[Result "1-0"]
[WhiteElo "2103"]
[BlackElo "1787"]
[PlyCount "103"]
[EventDate "2014.09.28"]
[EventType "team-tourn"]
[EventRounds "9"]
[EventCountry "HUN"]
[SourceTitle "EXT 2016"]
[Source "ChessBase"]
[SourceDate "2015.10.08"]
[SourceVersion "1"]
[SourceVersionDate "2015.10.08"]
[SourceQuality "1"]
[WhiteTeam "BEAC"]
[BlackTeam "Paszto"]
[WhiteTeamCountry "HUN"]
[BlackTeamCountry "HUN"]

1. e4 e5 2. Nf3 Nc6 3. Bc4 Bc5 4. c3 Nf6 5. d3 d6 6. 0-0 0-0 7. Bb3 Bb6 8. Be3 Ne7 9. Nbd2 Ng6 10. Re1 Bxe3 11. fxe3 c5 12. Nf1 Qc7 13. Ng3 Bd7 14. Qd2 b5 15. d4 c4 16. Bc2 Rfd8 17. Rf1 Rab8 18. h3 a5 19. a3 Qb7 20. Qf2 b4 21. axb4 axb4 22. Nd2 b3 23. Bd1 Bb5 24. Be2 Qc7 25. Nf5 Ra8 26. Nxg7 Rxa1 27. Qxf6 Rxf1+ 28. Bxf1 Qe7 29. Nh5 Qxf6 30. Nxf6+ Kg7 31. Nd5 exd4 32. exd4 Rc8 33. Nb6 Rc6 34. Nbxc4 Nf4 35. Nxd6 Bxf1 36. Nf5+ Kf6 37. Kxf1 Nd3 38. Nxb3 Nxb2 39. Nc5 Nc4 40. Ke2 Nb6 41. Kd3 Rc8 42. g4 h5 43. e5+ Kg5 44. Nd6 hxg4 45. Nxc8 gxh3 46. Nxb6 Kf4 47. Ne4 h2 48. Nf2 Kf3 49. Nh1 Kg2 50. Ke2 f5 51. exf6 Kxh1 52. f7 1-0

[Event "HUN-chT2 Erkel 1314"]
[Site "Hungary"]
[Date "2014.04.27"]
[Round "11.8"]
[White "Torok, Tamas Titusz"]
[Black "Huszar, Mark"]
[Result "1/2-1/2"]
[WhiteElo "2085"]
[BlackElo "1857"]
[PlyCount "85"]
[EventDate "2013.09.08"]
[EventType "team-tourn"]
[EventRounds "11"]
[EventCountry "HUN"]
[SourceTitle "EXT 2016"]
[Source "ChessBase"]
[SourceDate "2015.10.08"]
[SourceVersion "1"]
[SourceVersionDate "2015.10.08"]
[SourceQuality "1"]
[WhiteTeam "Pestszentlorinc"]
[BlackTeam "Paszto"]
[WhiteTeamCountry "HUN"]
[BlackTeamCountry "HUN"]

1. e4 e5 2. Nf3 Nc6 3. c3 d5 4. Qa4 f6 5. d3 dxe4 6. dxe4 Bc5 7. Bc4 Nge7 8. b4 Bb6 9. Qb3 Rf8 10. h3 Ng6 11. 0-0 Bd7 12. a4 a6 13. a5 Ba7 14. Be3 Qc8 15. Kh2 Bxe3 16. fxe3 Ke7 17. Bd5 Be6 18. c4 Nd8 19. Nbd2 c6 20. Bxe6 Nxe6 21. c5 Nc7 22. Nc4 Qe6 23. Nh4 Nxh4 24. Qc2 Nb5 25. g3 Ng6 26. Rf5 Rad8 27. Raf1 Qd7 28. Qb2 Qd3 29. Rc1 Qxe4 30. Qf2 Ke6 31. Rh5 Ne7 32. Nb6 Nd5 33. Rc4 Qxe3 34. Qf5+ Ke7 35. Rxh7 Nxb6 36. Rxg7+ Rf7 37. Rxf7+ Kxf7 38. Qh5+ Ke6 39. Qg4+ Kf7 40. Qh5+ Kg7 41. Rg4+ Kf8 42. Qh8+ Ke7 43. Rg7+ 1/2-1/2

[Event "HUN-chT2 Erkel 1314"]
[Site "Hungary"]
[Date "2013.10.20"]
[Round "3.9"]
[White "Huszar, Mark"]
[Black "Csati, Oliver"]
[Result "0-1"]
[WhiteElo "1857"]
[BlackElo "2001"]
[PlyCount "44"]
[EventDate "2013.09.08"]
[EventType "team-tourn"]
[EventRounds "11"]
[EventCountry "HUN"]
[SourceTitle "EXT 2016"]
[Source "ChessBase"]
[SourceDate "2015.10.08"]
[SourceVersion "1"]
[SourceVersionDate "2015.10.08"]
[SourceQuality "1"]
[WhiteTeam "Paszto"]
[BlackTeam "Budapest Honved"]
[WhiteTeamCountry "HUN"]
[BlackTeamCountry "HUN"]

1. e4 g6 2. d4 Bg7 3. c4 Nc6 4. Nf3 e5 5. d5 Nd4 6. Nc3 d6 7. Nxd4 exd4 8. Nb5 Qe7 9. Nxd4 f5 10. Nf3 fxe4 11. Nd4 Nf6 12. Be2 0-0 13. 0-0 Ng4 14. h3 Nxf2 15. Rxf2 Rxf2 16. Kxf2 Qf6+ 17. Nf3 exf3 18. Bxf3 Qh4+ 19. Kf1 Bxh3 20. gxh3 Rf8 21. Kg2 Be5 22. Bf4 Qxf4 0-1

[Event "HUN-chT2 Erkel 1213"]
[Site "Hungary"]
[Date "2013.01.27"]
[Round "6.12"]
[White "Sviridova, Polina"]
[Black "Huszar, Mark"]
[Result "0-1"]
[WhiteElo "1604"]
[BlackElo "1573"]
[PlyCount "76"]
[EventDate "2012.09.16"]
[EventType "team-tourn"]
[EventRounds "11"]
[EventCountry "HUN"]
[SourceTitle "EXT 2014"]
[Source "ChessBase"]
[SourceDate "2013.11.20"]
[SourceVersion "1"]
[SourceVersionDate "2013.11.20"]
[SourceQuality "1"]
[WhiteTeam "Foti"]
[BlackTeam "Paszto"]
[WhiteTeamCountry "HUN"]
[BlackTeamCountry "HUN"]

1. e4 e5 2. Nf3 Nc6 3. Bb5 a6 4. Ba4 Nf6 5. Nc3 d6 6. d4 exd4 7. Nxd4 Bd7 8. 0-0 Be7 9. Re1 0-0 10. Bg5 h6 11. Bh4 Re8 12. Bb3 Na5 13. e5 dxe5 14. Rxe5 Nxb3 15. axb3 Ng4 16. Bxe7 Rxe7 17. Rd5 Nf6 18. Rda5 Bg4 19. f3 Rd7 20. R1a4 b6 21. Re5 c5 22. fxg4 Rxd4 23. Rxd4 Qxd4+ 24. Qxd4 cxd4 25. Nd5 Nxg4 26. Re4 f5 27. Ne7+ Kf7 28. Nxf5 Kf6 29. Rxg4 Kxf5 30. Rxg7 Rc8 31. c3 dxc3 32. bxc3 Rxc3 33. Rg3 Rxg3 34. hxg3 b5 35. Kf2 a5 36. Kf3 a4 37. g4+ Kg5 38. Ke3 a3 0-1